000 00521nam a2200181Ia 4500
008 240729s9999 xx 000 0 und d
022 _a2078-6751
245 0 _aSouthern African Journal of HIV Medicine
260 _aSouth Africa
260 _bAOSIS
650 _a Infectious and parasitic diseases
650 _a Internal medicine
650 _a Public aspects of medicine | Medicine
650 _aMedicine
856 _uhttps://doaj.org/toc/77a00477774a4419bb98dd94f11cc24a
942 _2ddc
942 _cDOAJEJ
999 _c73678
_d73678
945 _a1
_bMadushi Gamage
_c1
_dMadushi Gamage